[Event "Dortmund Sparkassen op-B 47th"]
[Site "Dortmund"]
[Date "2019.07.17"]
[Round "5"]
[White "Werthmann, Niklas"]
[Black "Ketteler, Timon Guardian"]
[Result "1/2-1/2"]
[WhiteElo "1675"]
[BlackElo "1804"]
[PlyCount "31"]
[EventDate "2019.07.13"]
[EventType "swiss"]
[EventRounds "9"]
[EventCountry "GER"]
[SourceTitle "CBM 192 Extra"]
[Source "Chessbase"]
[SourceDate "2019.11.06"]
[SourceVersion "1"]
[SourceVersionDate "2019.11.06"]
[SourceQuality "1"]

1. e4 e5 2. Nf3 Nc6 3. d4 exd4 4. Bc4 Be7 5. c3 Nf6 6. e5 Ne4 7. cxd4 d5 8. Bb5 0-0 9. h3 a6 10. Bxc6 bxc6 11. 0-0 c5 12. Nbd2 Re8 13. dxc5 Bxc5 14. Nxe4 dxe4 15. Qxd8 Rxd8 16. Ng5 1/2-1/2